000 02128nam0a2200373 4500
001 RU\NLR\BIBL_A\021946800
005 20240119150049.0
010 _a978-5-88727-202-3
021 _aRU
_bКН-П-23-027786
_9КН-П-23-2768
035 _a(NLR Aleph) 021946800
035 _a(RuMoRGB)011758987
090 _a13204488
_c13204488
100 _a20230524d2023 k y0rusy50 ca
101 0 _arus
102 _aRU
105 _aa z 100zy
181 0 _ai3
_baxxe
182 0 _an
200 1 _aVI Арктические Нахимовские чтения
_eсборник материалов ежегодной открытой научно-практической конференции, 30 ноября 2022 г.
_fФилиал федерального государственного казенного общеобразовательного учреждения "Нахимовское военно-морское училище Министерства обороны Российской Федерации" в г. Мурманске
203 _aТекст
_bвизуальный
_cнепосредственный
210 _aМурманск
_cКрасная Звезда
_d2023
215 _a347 с.
_cил., цв. ил.
_d30
313 _aПо пред. изд. 2022г.
320 _aБиблиогр. в конце ст.
517 1 _aШестые Арктические Нахимовские чтения
606 1 _aВоенно-морские учебные заведения
_jСъезды, совещания и т.п
_xОрганизация учебного процесса
_yРоссийская Федерация
_92222435
_3RU\NLR\AUTH\661334417
686 1 _aЦ4,6(2Р)396.2-2я431
702 1 _4280
_7ca
_8rus
_aНахимов
_bП. С.
_f1802-1855
_gПавел Степанович
_9119595
_3RU\NLR\AUTH\779788
710 1 2 _aАрктические Нахимовские чтения
_d6
_eМурманск
_f2022
_9850046
_3RU\NLR\AUTH\880592274
942 _cBOOK
980 _aNB